DIE FOR MY BITCH - Baby Keem - Statistics

General Stats
  • This quiz has been taken 7 times
  • The average score is 10 of 14
Answer Stats
Songs Plays Artists % Correct
HONEST 583,244,135 Baby Keem
86%
MOSHPIT 43,440,590 Baby Keem
86%
ORANGE SODA 832,603,130 Baby Keem
86%
STATS 116,124,996 Baby Keem
86%
APOLOGIZE 60,180,961 Baby Keem
71%
FRANCE FREESTYLE 20,319,741 Baby Keem
71%
NOT MY BRO 12,646,113 Baby Keem
71%
ROCKSTAR P 16,385,365 Baby Keem
71%
SLICE INTERLUDE 6,336,660 Baby Keem
71%
BULLIES 11,931,779 Baby Keem
57%
BUSS HER UP 39,604,902 Baby Keem
57%
INVENTED IT 21,147,111 Baby Keem
57%
MY EX 8,589,058 Baby Keem
57%
TOP RAMEN 9,095,438 Baby Keem
57%
No matching quizzes found
Score Distribution
Percent of People with Each Score
Percentile by Number Answered
Your Score History
You have not taken this quiz